Como aplicar estrategias de enseñanza (Registro nro. 11884)
[ vista simple ]
| 000 -LEADER | |
|---|---|
| fixed length control field | 00468nam a22001691a 4500 |
| 001 - CONTROL NUMBER | |
| control field | 11884 |
| 003 - CONTROL NUMBER IDENTIFIER | |
| control field | OSt |
| 005 - DATE AND TIME OF LATEST TRANSACTION | |
| control field | 20260204212300.0 |
| 008 - FIXED-LENGTH DATA ELEMENTS--GENERAL INFORMATION | |
| fixed length control field | 140901s1989||||sp ||||||b|||||||||| || |
| 020 ## - NUMERO DE LIBRO INTERNACIONAL NORMALIZADO | |
| International Standard Book Number | 8432986232 |
| 082 ## - DEWEY DECIMAL CLASSIFICATION NUMBER | |
| Classification number | 371.102 C737 a |
| 245 ## - TÍTULO PROPIAMENTE DICHO: SUBTÍTULO | |
| Title | Como aplicar estrategias de enseñanza |
| 264 ## - PRODUCTION, PUBLICATION, DISTRIBUTION, MANUFACTURE, AND COPYRIGHT NOTICE | |
| Place of production, publication, distribution, manufacture | España : Barcelona CEAC |
| 300 ## - PHYSICAL DESCRIPTION | |
| Extensión | 155 p |
| 650 ## - ASIENTO SECUNDARIO DE MATERIA -- TERMINO TEMÁTICO | |
| Termino Temático Como Elemento de Entrada | MOTIVACION EN EDUCACION 2.DISCIPLINA ESCOLAR 3.MEDICIONES Y PRUEBAS EDUCATIVASÌ |
| 942 ## - ADDED ENTRY ELEMENTS (KOHA) | |
| Source of classification or shelving scheme | Dewey Decimal Classification |
| Koha item type | Libros |
| Withdrawn status | Lost status | Source of classification or shelving scheme | Damaged status | Not for loan | Current library | Date acquired | Total Checkouts | Full call number | Barcode | Date last seen | Price effective from | Koha item type |
|---|---|---|---|---|---|---|---|---|---|---|---|---|
| Dewey Decimal Classification | Biblioteca UTECO | 09/09/2019 | 371.102 C737 A | 017341 | 09/09/2019 | 09/09/2019 | Libros |
